00903cam a2200253 a 45000010008000000030004000080050017000120080041000290100017000700200022000870400018001090500021001270820016001481000021001642450066001852460031002512600053002823000021003355040051003566500027004076500028004348560097004628560090005591214346OSt20210114161711.0990528s1999 ilu b 001 0 eng  a 99034875  a0877883319 (pbk.) aDLCcDLCdDLC00aPN161b.S78 199900a808/.022211 aStuart, Sally E.10aSally Stuart's guide to getting published /cSally E. Stuart.30aGuide to getting published aWheaton, Ill. :bHarold Shaw Publishers,cc1999. a298 p. ;c23 cm. aIncludes bibliographical references and index. 0aAuthorshipxMarketing. 0aAuthors and publishers.423Contributor biographical informationuhttp://www.loc.gov/catdir/bios/random059/99034875.html423Publisher descriptionuhttp://www.loc.gov/catdir/description/random0411/99034875.html